000
00318nam a2200145Ia 4500
008
220923s9999 xx 000 0 und d
082
_b
SHE
100
_a
SHELKAR, R.
245
0
_a
TREATISE ON ANTI CORRUPTION LAWS
250
_a
2ND
260
_c
2013
300
_a
478
650
_a
Corruption Act
942
_c
BK
999
_c
195865
_d
195865